Ke xue yu sheng jing chuang zao : (Record no. 54519)
[ view plain ]
| 000 -LEADER | |
|---|---|
| fixed length control field | 00797nam a22002417a 4500 |
| 005 - DATE AND TIME OF LATEST TRANSACTION | |
| control field | 20250929105819.0 |
| 008 - FIXED-LENGTH DATA ELEMENTS--GENERAL INFORMATION | |
| fixed length control field | 250929b |||||||| |||| 00| 0 eng d |
| 020 ## - INTERNATIONAL STANDARD BOOK NUMBER | |
| International Standard Book Number | 9786269801541 |
| 040 ## - CATALOGING SOURCE | |
| Original cataloging agency | BSOP |
| 041 ## - LANGUAGE CODE | |
| Language code of text/sound track or separate title | chi |
| 050 ## - LIBRARY OF CONGRESS CALL NUMBER | |
| Classification number | BS651 |
| 100 ## - MAIN ENTRY--PERSONAL NAME | |
| Personal name | Xu Baoluo |
| 245 ## - TITLE STATEMENT | |
| Linkage | 880-1 |
| Title | Ke xue yu sheng jing chuang zao : |
| Remainder of title | hua jie liu da chong tu de A-B-C {ch} / |
| Statement of responsibility, etc | Baoluo Xu. |
| 250 ## - EDITION STATEMENT | |
| Edition statement | 1st ed. |
| 264 ## - PRODUCTION, PUBLICATION, DISTRIBUTION, MANUFACTURE STATEMENTS | |
| Place of production, publication, distribution, manufacture | 台北市 : |
| Name of producer, publisher, distributor, manufacturer | <a href="主流出版, ">主流出版, </a> |
| Date of production, publication, distribution, manufacture | 2024 |
| 300 ## - PHYSICAL DESCRIPTION | |
| Extent | 87p. : |
| Other physical details | illustrations, maps ; |
| Dimensions | 26cm. |
| 440 ## - SERIES STATEMENT/ADDED ENTRY--TITLE | |
| Name of part/section of a work | Xue yuan cong shu xi lie |
| Volume number/sequential designation | 11 |
| 504 ## - BIBLIOGRAPHY, ETC. NOTE | |
| Bibliography, etc | Includes bibliographical references. |
| 650 ## - SUBJECT ADDED ENTRY--TOPICAL TERM | |
| Topical term or geographic name as entry element | Creation (Doctrinal concept) {ch}. |
| 650 ## - SUBJECT ADDED ENTRY--TOPICAL TERM | |
| Topical term or geographic name as entry element | Creationism (Religious ideology) {ch}. |
| 880 ## - ALTERNATE GRAPHIC REPRESENTATION | |
| Linkage | 245-1 |
| a | 科學與聖經創造 : 化解六大衝突的A-B-C |
| 942 ## - ADDED ENTRY ELEMENTS (KOHA) | |
| Source of classification or shelving scheme | Library of Congress Classification |
| Item type | Books |
| Withdrawn status | Lost status | Source of classification or shelving scheme | Damaged status | Not for loan | Home library | Current library | Shelving location | Date acquired | Inventory number | Total Checkouts | Full call number | Barcode | Date last seen | Price effective from | Koha item type |
|---|---|---|---|---|---|---|---|---|---|---|---|---|---|---|---|
| Library of Congress Classification | BSOP Library | BSOP Library | Chinese Books (General Circulation) | 09/29/2025 | C-16455 | BS651 Xu8 2024 | 00062289 | 09/29/2025 | 09/29/2025 | Books |
